Co zpívá Sojka

Saved in:
Bibliographic Details
Main Author Lenka, Poláčková
Format Electronic eBook
LanguageCzech
Published Ikar 2023
Edition1. elektronické vydání
Subjects
Online AccessDostupné v BOOKPORT po přihlášení pomocí eduID
ISBN978-80-249-5082-2
978-80-249-5021-1
Physical Description1 online zdroj (296 stran)

Cover

LEADER 00000nam a2200000 i 4500
001 bkp625832900
003 CZ-prgp
005 20240911084711.0
006 m o d
007 cr cn
008 240911s2023 xr o 000 1 cze
020 |a 978-80-249-5082-2  |c 239 Kč  |q (online ; epub) 
020 |a 978-80-249-5021-1  |c 239 Kč  |q (print) 
040 |a Grada  |b cze  |e rda 
100 1 |a Lenka, Poláčková 
245 1 0 |a Co zpívá Sojka  |c Poláčková Lenka 
250 |a 1. elektronické vydání 
264 1 |b Ikar  |c 2023 
300 |a 1 online zdroj (296 stran) 
336 |a text  |b txt  |2 rdacontent 
337 |a počítač  |b c  |2 rdamedia 
338 |a online zdroj  |b cr  |2 rdacarrier 
520 3 |a O adventu roku 883 se na dvoře knížete Svatopluka hoduje. Hostem je i Bořivoj, vůdce Čechů, a všechna ta sláva má jediný cíl: přesvědčit ho, aby změnil víru a přijal křest z rukou arcibiskupa Metoděje. Proto také mezi stoly obchází pohádkář Sojka a na přání knížete servíruje hostům příběhy. Jenže není všechno tak, jak se na první pohled zdá. Morava, navzdory své moci, není zemí klidnou a ani Sojka není tím, kým se zdá být.Historický román z doby Velkomoravské říše, jehož hrdiny jsou nejen velmožové a biskupové, ale především zpívající Sojka, její putování zemí, její vyprávění a hledání lásky. 
650 0 4 |a Společenské vědy, historie 
650 0 4 |a Historické romány 
856 4 0 |u https://www.bookport.cz/AccountSaml/SignIn/?idp=https://shibboleth.utb.cz/idp/shibboleth&returnUrl=/kniha/co-zpiva-sojka-13293/  |y Dostupné v BOOKPORT po přihlášení pomocí eduID